[Event "Kazan Mayors Cup 2022"]
[Site "Kazan"]
[Date "2022.01.31"]
[Round "9.5"]
[White "Gunina, Valentina"]
[Black "Rublevsky, Sergei"]
[Result "0-1"]
[WhiteElo "2471"]
[BlackElo "2637"]
[Annotator "TA"]
[PlyCount "78"]
[EventDate "2022.01.28"]
[EventType "tourn"]
[EventCountry "RUS"]
[SourceTitle "playchess.com"]
[Source "ChessBase"]
[SourceQuality "1"]

{[%evp 9,78,-23,-18,-18,-15,-56,-58,-60,-74,-31,-32,-35,-35,-22,-24,-31,-36,-29,-36,0,0,-28,-26,-36,-20,-36,-31,-81,-66,-279,-231,-229,-227,-386,-393,-400,-196,-187,-165,-168,-102,-247,-218,-247,-204,-253,-250,-241,-240,-280,-230,-236,-230,-230,-226,-515,-508,-484,-211,-534,-521,-503,-408,-1202,-631,-672,-569,-1493,-1429,-932,-837]} 1. d4 d5 2. c4 c6 3. Nf3 Nf6 4. Nc3 dxc4 5. e4 b5 $1 6. Be2 {D15: Slav Defence: 4 Nc3 a6 and gambit lines after 4 Nc3 dxc4.} e6 7. a4 (7. Qc2 $11) 7... b4 $1 $15 8. e5 {Black is slightly better.} bxc3 9. exf6 cxb2 10. fxg7 {[#]} bxa1=Q $1 {Really sharp!} 11. gxh8=Q Qa5+ $1 12. Nd2 $1 c3 13. O-O $1 cxd2 14. Bxd2 Qxd1 15. Rxd1 {[#]} Qf5 $146 {Hoping for ...Nd7.} ({Predecessor:} 15... Qxa4 16. Qxh7 a5 17. h4 Ra7 18. h5 Ba6 19. Bf3 Rd7 20. h6 Rxd4 21. Bh5 Rd7 {1-0 (37) Gelfand,B (2680)-Movsesian,S (2627) Riga 2021}) 16. d5 $1 Qg6 $1 (16... cxd5 $2 17. Bb4 Nd7 18. Bb5 $18) 17. Qc3 Qg7 {And now ...Qxc3 would win.} ({Resist} 17... exd5 18. Re1 Be6 19. Bb5 $16) 18. Qc2 (18. Qb3 $1 $15 cxd5 19. Bb5+ Bd7 20. Qc2) 18... exd5 $17 {...a5 is the strong threat.} 19. Bc3 (19. Ba6 $1 $15 Bh3 20. Re1+ Be7 21. Bf1) 19... Qh6 20. Re1 {Strongly threatening Ba6+.} Be6 21. Be5 $2 (21. Bd2 Qh4 22. Ba6) 21... Bb4 $19 22. Rb1 Qd2 (22... a5 $142 23. Rxb4 axb4 24. Bxb8 Bg4 $1 {[%mdl 512]} 25. Bxg4 Rxb8) 23. Qxd2 Bxd2 24. Bxb8 a5 (24... c5 $19 {aiming for ...c4.} 25. Bd3 Bd7) 25. Bd3 {[#]} (25. Rb7 $17 {might work better.}) 25... Bb4 $1 26. Bf4 f5 27. h3 c5 {[%cal Bc6c5,Bc5c4][%mdl 32]} 28. Be5 Kf7 29. f4 c4 30. Bc2 Bc5+ 31. Kf1 {[#]} d4 $1 {[%cal Bd5d4,Bd4d3][%mdl 32] White must now prevent ...d3.} 32. Rb5 $2 {[#]} (32. Rb7+ {was necessary.} Kf8 33. Bd1) 32... d3 $1 33. Bd1 Bf8 (33... Bb4 $142 34. Rb7+ Kg8 35. Rg7+ Kf8 36. Rxh7 c3) 34. Bc3 $2 (34. Kf2 {nothing else works.} Kg8 35. Ke3) 34... Bb4 $1 35. Rb7+ Kg8 36. Rb6 (36. Rxb4 $142 axb4 37. Bxb4) 36... Bd5 {Black is clearly winning.} 37. Rb5 Be4 38. Be5 c3 39. Bb3+ Kf8 {Weighted Error Value: White=0.71/Black=0.35} 0-1